000 00526nam a2200193Ia 4500
999 _c8050
_d8050
003 OSt
005 20200709122241.0
008 190216s9999||||xx |||||||||||||| ||und||
020 _a9788177229028
040 _coclc
082 _a658.15
_bSHA/F
100 _aShah, Paresh
_93695
245 0 _aFinancial Management /
_cParesh Shah
250 _a2nd Ed.
260 _bBiztantra,
_c2012.
_aDelhi:
300 _a1177p
650 _aFinancial Management
942 _cBK
_2ddc
_h658.15
_iSHA/F
_k658.15
_mSHA/F